Corporate responsibility and labour rights : (Record no. 2629)

MARC details
000 -LEADER
fixed length control field 03107cam a22003734a 4500
001 - CONTROL NUMBER
control field 12866632
003 - CONTROL NUMBER IDENTIFIER
control field OSt
005 - DATE AND TIME OF LATEST TRANSACTION
control field 20230626093141.0
008 - FIXED-LENGTH DATA ELEMENTS--GENERAL INFORMATION
fixed length control field 020723s2002 enka b 001 0 eng
010 ## - LIBRARY OF CONGRESS CONTROL NUMBER
LC control number 2002011681
020 ## - INTERNATIONAL STANDARD BOOK NUMBER
International Standard Book Number 1853839302 (hardback)
020 ## - INTERNATIONAL STANDARD BOOK NUMBER
International Standard Book Number 1853839310 (pbk.)
040 ## - CATALOGING SOURCE
Original cataloging agency DLC
Transcribing agency DLC
Modifying agency DLC
042 ## - AUTHENTICATION CODE
Authentication code pcc
050 00 - LIBRARY OF CONGRESS CALL NUMBER
Classification number HD60
Item number .C639 2002
082 00 - DEWEY DECIMAL CLASSIFICATION NUMBER
Classification number 331.25/98
Edition number 21
Item number JEN
245 00 - TITLE STATEMENT
Title Corporate responsibility and labour rights :
Remainder of title codes of conduct in the global economy /
Statement of responsibility, etc. edited by Rhys Jenkins, Ruth Pearson and Gill Seyfang.
246 3# - VARYING FORM OF TITLE
Title proper/short title Corporate responsibility and labor rights
246 14 - VARYING FORM OF TITLE
Title proper/short title Corporate responsibility & labour rights
260 ## - PUBLICATION, DISTRIBUTION, ETC. (IMPRINT)
Place of publication, distribution, etc. London ;
-- Sterling, VA :
Name of publisher, distributor, etc. Earthscan,
Date of publication, distribution, etc. 2002.
300 ## - PHYSICAL DESCRIPTION
Extent xvi, 232 p. :
Other physical details ill. ;
Dimensions 24 cm.
504 ## - BIBLIOGRAPHY, ETC. NOTE
Bibliography, etc Includes bibliographical references and index.
505 0# - FORMATTED CONTENTS NOTE
Formatted contents note Codes of conduct and global deregulation -- Introduction / Rhys Jenkins, Ruth Pearson and Gill Seyfang. The political economy of codes of conduct / Rhys Jenkins. Labour rights/corporate responsibilities : the role of ILO labour standards / Jill Murray. 'I'll tell you what i want...' : women workers and codes of conduct / Ruth Pearson and Gill Seyfang. Mapping codes through the value chain : from researcher to detective / Stephanie Barrientos -- Codes of conduct : perspectives from stakeholders in the global production chains : stakeholder perspectives. Beyond codes : lessons from the Pentland experience / Lesley Roberts. The international trade union movement and the new codes of conduct / Dwight Justice. The emperor's new clothes : what codes mean for workers in the garment industry / Linda Shaw and Angela Hale. Can codes of conduct help home based workers? / Lucy Brill. Regional perspectives. 'Made in China' : rules and regulations versus codes of conduct in the toy sector / Alice Kwan and Stephen Frost. The contradictions in codes : the Sri Lankan experience / Kelly Dent. The ootential of codes as part of women's organisations' strategies for promoting the rights of women workers : a Central America perspective / Marina Prieto, Angela Hadjipateras and Jane Turner. The fox guarding the chicken coop : monitoring garment production in Los Angeles / Laura Dubinsky. Practical issues in developing and implementing codes. Working with codes : perspectives from the clean clothes campaign / Nina Ascoly and Inneke Zeldenrust. ETI : aa multi-stakeholder approach / Mick Blowfield. Monitoring the monitors : a critique of third-party labour monitoring / Dara O'rourke. Code monitoring in the informal fair trade sector : the experience of Oxfam GN / Rachel Wilshaw.
650 #0 - SUBJECT ADDED ENTRY--TOPICAL TERM
Topical term or geographic name as entry element Social responsibility of business.
650 #0 - SUBJECT ADDED ENTRY--TOPICAL TERM
Topical term or geographic name as entry element Industries
General subdivision Self-regulation.
650 #0 - SUBJECT ADDED ENTRY--TOPICAL TERM
Topical term or geographic name as entry element Industrial relations.
650 #0 - SUBJECT ADDED ENTRY--TOPICAL TERM
Topical term or geographic name as entry element Employee rights.
700 1# - ADDED ENTRY--PERSONAL NAME
Personal name Jenkins, Rhys Owen,
Dates associated with a name 1948-
700 1# - ADDED ENTRY--PERSONAL NAME
Personal name Pearson, Ruth,
Dates associated with a name 1945-
700 1# - ADDED ENTRY--PERSONAL NAME
Personal name Seyfang, Gill,
Dates associated with a name 1969-
906 ## - LOCAL DATA ELEMENT F, LDF (RLIN)
a 7
b cbc
c orignew
d 1
e ecip
f 20
g y-gencatlg
942 ## - ADDED ENTRY ELEMENTS (KOHA)
Source of classification or shelving scheme Dewey Decimal Classification
Koha item type Books
Holdings
Withdrawn status Lost status Source of classification or shelving scheme Damaged status Not for loan Home library Current library Date acquired Total Checkouts Full call number Barcode Date last seen Price effective from Koha item type
    Dewey Decimal Classification     County Hall Archives County Hall Archives 06/26/2023   331.25/98 JEN 10002004 06/26/2023 06/26/2023 Books
LIBRARY OPENING HOURS

When the Parliament is sitting: 8.00a.m - 7.00p.m or until the house adjourns
Mondays and Fridays and when the House is on Recess:  8.00a.m - 5.00p.m
Closed on Weekends and Public Holidays

Online Public Access Catalog (OPAC)
Website: http://www.parliament.go.ke
Bunge Library: https://libraryir.parliament.go.ke
Contact: library@parliament.go.ke | Tel no: (254-2)2221291 or 2848000 Ext 5043